Free Trade, Poverty, and Inequality
Abstract Anyone familiar with The Economist knows the mantra: Free trade will ameliorate poverty by increasing growth and reducing inequality. This paper suggests that problems underlying measurement of poverty, inequality, and free trade provide reason to worry about this argument. Furthermore, the...
| Main Author: | |
|---|---|
| Format: | Electronic Article |
| Language: | English |
| Check availability: | HBZ Gateway |
| Interlibrary Loan: | Interlibrary Loan for the Fachinformationsdienste (Specialized Information Services in Germany) |
| Published: |
2011
|
| In: |
Journal of moral philosophy
Year: 2011, Volume: 8, Issue: 1, Pages: 5-44 |
| Further subjects: | B
FREE TRADE
B Poverty B INTERNATIONAL FINANCIAL INSTITUTIONS B INEQUALITY B EXPERIMENTAL EVIDENCE |
| Online Access: |
Volltext (lizenzpflichtig) Volltext (lizenzpflichtig) |
MARC
| LEADER | 00000caa a22000002c 4500 | ||
|---|---|---|---|
| 001 | 1817474367 | ||
| 003 | DE-627 | ||
| 005 | 20241205202902.0 | ||
| 007 | cr uuu---uuuuu | ||
| 008 | 220927s2011 xx |||||o 00| ||eng c | ||
| 024 | 7 | |a 10.1163/174552411X549390 |2 doi | |
| 035 | |a (DE-627)1817474367 | ||
| 035 | |a (DE-599)KXP1817474367 | ||
| 040 | |a DE-627 |b ger |c DE-627 |e rda | ||
| 041 | |a eng | ||
| 084 | |a 1 |2 ssgn | ||
| 100 | 1 | |a Hassoun, Nicole |e VerfasserIn |4 aut | |
| 109 | |a Hassoun, Nicole |a Hassoun, Nicole J. | ||
| 245 | 1 | 0 | |a Free Trade, Poverty, and Inequality |
| 264 | 1 | |c 2011 | |
| 336 | |a Text |b txt |2 rdacontent | ||
| 337 | |a Computermedien |b c |2 rdamedia | ||
| 338 | |a Online-Ressource |b cr |2 rdacarrier | ||
| 520 | |a Abstract Anyone familiar with The Economist knows the mantra: Free trade will ameliorate poverty by increasing growth and reducing inequality. This paper suggests that problems underlying measurement of poverty, inequality, and free trade provide reason to worry about this argument. Furthermore, the paper suggests that better evidence is necessary to establish that free trade is causing inequality and poverty to fall. Experimental studies usually provide the best evidence of causation. So, the paper concludes with a call for further research into the prospects for ethically acceptable experimental testing of free trade's impact on poverty and inequality. Although the paper is unabashedly methodological, its conclusions bear on many ethical debates. Ethicists sometimes argue, for instance, that there is reason to encourage free trade because they believe free trade is decreasing poverty and inequality. Clarifying the empirical facts may not settle ethical debates but it may inform them. | ||
| 650 | 4 | |a Poverty | |
| 650 | 4 | |a FREE TRADE | |
| 650 | 4 | |a INTERNATIONAL FINANCIAL INSTITUTIONS | |
| 650 | 4 | |a EXPERIMENTAL EVIDENCE | |
| 650 | 4 | |a INEQUALITY | |
| 773 | 0 | 8 | |i Enthalten in |t Journal of moral philosophy |d Leiden : Brill, 2004 |g 8(2011), 1, Seite 5-44 |h Online-Ressource |w (DE-627)474382281 |w (DE-600)2169771-1 |w (DE-576)273875329 |x 1745-5243 |7 nnas |
| 773 | 1 | 8 | |g volume:8 |g year:2011 |g number:1 |g pages:5-44 |
| 856 | 4 | 0 | |u https://doi.org/10.1163/174552411X549390 |x Resolving-System |z lizenzpflichtig |3 Volltext |7 1 |
| 856 | 4 | 0 | |u https://brill.com/view/journals/jmp/8/1/article-p5_3.xml |x Verlag |z lizenzpflichtig |3 Volltext |7 1 |
| 935 | |a mteo | ||
| 951 | |a AR | ||
| ELC | |a 1 | ||
| ITA | |a 1 |t 1 | ||
| LOK | |0 000 xxxxxcx a22 zn 4500 | ||
| LOK | |0 001 4192067366 | ||
| LOK | |0 003 DE-627 | ||
| LOK | |0 004 1817474367 | ||
| LOK | |0 005 20220927053008 | ||
| LOK | |0 008 220927||||||||||||||||ger||||||| | ||
| LOK | |0 035 |a (DE-Tue135)IxTheo#2022-09-22#57D45E68806F338F34963BB429927118FDFF8ABE | ||
| LOK | |0 040 |a DE-Tue135 |c DE-627 |d DE-Tue135 | ||
| LOK | |0 092 |o n | ||
| LOK | |0 852 |a DE-Tue135 | ||
| LOK | |0 852 1 |9 00 | ||
| LOK | |0 935 |a ixzs |a ixrk |a zota | ||
| LOK | |0 939 |a 27-09-22 |b l01 | ||
| ORI | |a SA-MARC-ixtheoa001.raw | ||